000 00293nam a22001337a 4500
008 171005b xxu||||| |||| 00| 0 eng d
020 _a9780443065972
041 _aeng
080 _a159.9
100 _a49
101 _aPSI
245 _aPHYSICIAN ASSISTANTS
_cHOOKER, R.S
942 _2udc
_cBK
999 _c31926
_d31926